LEADER 01436nam a2200241 i 4500 001 000000001342 003 CaOOAMICUS 005 20180830125434.0 008 180830s1926 it u000 u ita u 040 $aSeMil$bita 100 1 $aHöffding, Harald <1843-1931>.$0(OLS)http://semarc/name/22248 245 10$aStoria della filosofia moderna :$besposizione della storia della filosofia dalla fine del Rinascimento fino ai nostri giorni /$cHarald Höffding ; traduzione dal tedesco del prof. P. Martinetti. 250 $aRistampa. 260 $aTorino :$bFratelli Bocca,$c1926$e(Sancasciano Pesa :$fStab. Tip. F.lli Stianti,$g1926) 300 $a2 v. ;$c25 cm. 500 $aL. 75. 650 4$aFilosofia moderna - Storia.$0(OLS)http://semarc/subject/1697 700 1 $aMartinetti, Piero,$d<1871-1943>.$0(OLS)http://semarc/name/4975 773 0 $tBiblioteca di scienze moderne.$dMilano ; Torino ; Roma : F.lli Bocca, [19.?]-$w()13835 774 0 $aHöffding, Harald <1843-1931>$tVol. 1.$dTorino : Fratelli Bocca, 1926.$kBiblioteca di scienze moderne$g1$w()68721 774 0 $aHöffding, Harald <1843-1931>$tVol. 2.$dTorino : Fratelli Bocca, 1926.$kBiblioteca di scienze moderne$g2$w()191497 996 $6245$aStoria della filosofia moderna :$besposizione della storia della filosofia dalla fine del Rinascimento fino ai nostri giorni$9(OLS)http://semarc/title/400199 996 $6260$aTorino :$bFratelli Bocca$9(OLS)http://semarc/publisher/31876 LEADER 01358nam a2200253 i 4500 001 000000206468 003 CaOOAMICUS 005 20220518145254.0 008 111005s1807 it u000 u ita u 013 $a185237 026 $ae.e- e.ea i-io "Isa (3) 1807 (R) 040 $aSeMil$bita 100 1 $aCarmignani, Giovanni.$0(OLS)http://semarc/name/74231 245 10$aDissertazione accademica sulle tragedie di Vittorio Alfieri dell'avvocato Giovanni Carmignani professore nella Università di Pisa coronata dall'Accademia Napoleone di Lucca il 18 maggio 1806. 250 $a2. Ed. con aggiunte 260 $aFirenze :$bpresso Molini, Landi & C.,$c1807. 300 $a[4], XXX, [2], 172 p. ;$c8°. 650 4$aAlfieri, Vittorio <1749-1803> - Opere - Tragedie - Ed. ante 1900.$0(OLS)http://semarc/subject/859 700 1 $aMolini & Landi & C.,$c.$0(OLS)http://semarc/name/2937 850 $aSeMil 852 $aSeMil$W1$xVenegono$y1$m1P V 8 FA$j156951$B156951$CSeMilBibl$Z2$F168253 $8I 996 $6245$aDissertazione accademica sulle tragedie di Vittorio Alfieri dell'avvocato Giovanni Carmignani professore nella Università di Pisa coronata dall'Accademia Napoleone di Lucca il 18 maggio 1806$9(OLS)http://semarc/title/298654 996 $6260$aFirenze :$bpresso Molini, Landi & C.$9(OLS)http://semarc/publisher/31410